Nutritional foundations and clinical applications : (Record no. 23718)
[ view plain ]
| 000 -LEADER | |
|---|---|
| fixed length control field | 01692cam a22003255a 4500 |
| 001 - CONTROL NUMBER | |
| control field | 18660736 |
| 005 - DATE AND TIME OF LATEST TRANSACTION | |
| control field | 20201128024105.0 |
| 008 - FIXED-LENGTH DATA ELEMENTS--GENERAL INFORMATION | |
| fixed length control field | 150616t2016 moua frbd 001 0 eng d |
| 020 ## - INTERNATIONAL STANDARD BOOK NUMBER | |
| International Standard Book Number | 9780323242103 |
| 020 ## - INTERNATIONAL STANDARD BOOK NUMBER | |
| International Standard Book Number | 0323242103 |
| 040 ## - CATALOGING SOURCE | |
| Original cataloging agency | DLC |
| Language of cataloging | eng |
| Transcribing agency | DLC |
| Modifying agency | DLC |
| -- | EG-ScBUE |
| 082 04 - DEWEY DECIMAL CLASSIFICATION NUMBER | |
| Classification number | 615.854 |
| Edition number | 22 |
| Item number | GRO |
| 100 1# - MAIN ENTRY--PERSONAL NAME | |
| Personal name | Grodner, Michele. |
| 245 10 - TITLE STATEMENT | |
| Title | Nutritional foundations and clinical applications : |
| Remainder of title | a nursing approach / |
| Statement of responsibility, etc | Michele Grodner, Sylvia Escott-Stump, Suzanne Dorner. |
| 250 ## - EDITION STATEMENT | |
| Edition statement | 6th ed. |
| 260 ## - PUBLICATION, DISTRIBUTION, ETC. (IMPRINT) | |
| Place of publication, distribution, etc | St. Louis : |
| Name of publisher, distributor, etc | Elsevier / Mosby, |
| Date of publication, distribution, etc | c.2016. |
| 300 ## - PHYSICAL DESCRIPTION | |
| Extent | x, 453 p. : |
| Other physical details | ill. ; |
| Dimensions | 28 cm. |
| 500 ## - GENERAL NOTE | |
| General note | Glossary : p. 432-439. |
| 500 ## - GENERAL NOTE | |
| General note | Index : p. 440-453. |
| 504 ## - BIBLIOGRAPHY, ETC. NOTE | |
| Bibliography, etc | Includes bibliographical references. |
| 505 0# - FORMATTED CONTENTS NOTE | |
| Formatted contents note | Wellness nutrition -- Personal and community nutrition -- Digestion, absorption, and metabolism -- Carbohydrates -- Fats -- Protein -- Vitamins -- Water and minerals -- Energy, weight, and fitness -- Nutrition across the life span -- Nutrition assessment and patient care -- Food-related issues -- Nutrition for disorders of the gastrointestinal tract -- Nutrition for disorders of the liver, gallbladder, and pancreas -- Nutrition for diabetes mellitus -- Nutrition in metabolic stress : burns, trauma, and surgery -- Nutrition for cardiopulmonary diseases -- Nutrition for diseases of the kidneys -- Nutrition for neuro-psychiatric disorders -- Nutrition in cancer and HIV/AIDS. |
| 650 #7 - SUBJECT ADDED ENTRY--TOPICAL TERM | |
| Topical term or geographic name as entry element | Diet therapy. |
| Source of heading or term | BUEsh |
| 9 (RLIN) | 20992 |
| 650 #7 - SUBJECT ADDED ENTRY--TOPICAL TERM | |
| Topical term or geographic name as entry element | Nutrition. |
| Source of heading or term | BUEsh |
| 9 (RLIN) | 19370 |
| 650 #7 - SUBJECT ADDED ENTRY--TOPICAL TERM | |
| Topical term or geographic name as entry element | Nursing. |
| Source of heading or term | BUEsh |
| 9 (RLIN) | 2162 |
| 651 ## - SUBJECT ADDED ENTRY--GEOGRAPHIC NAME | |
| Source of heading or term | BUEsh |
| 653 ## - INDEX TERM--UNCONTROLLED | |
| Resource For college | Nursing |
| Arrived date list | December2016 |
| 700 1# - ADDED ENTRY--PERSONAL NAME | |
| Personal name | Escott-Stump, Sylvia. |
| 700 1# - ADDED ENTRY--PERSONAL NAME | |
| Personal name | Dorner, Suzanne. |
| 942 ## - ADDED ENTRY ELEMENTS (KOHA) | |
| Source of classification or shelving scheme | Dewey Decimal Classification |
| Withdrawn status | Item status | Source of classification or shelving scheme | Damaged status | Not for loan | Vendor | Home library | Current library | Shelving location | Date acquired | Source of acquisition | Cost, normal purchase price | Serial Enumeration / chronology | Total Checkouts | Total Renewals | Full call number | Barcode | Checked out | Date last seen | Date last borrowed | Cost, replacement price | Koha item type |
|---|---|---|---|---|---|---|---|---|---|---|---|---|---|---|---|---|---|---|---|---|---|
| Dewey Decimal Classification | ايمك | Central Library | Central Library | First floor | 22/12/2016 | Purchase | 950.00 | 3397 | 4 | 41 | 615.854 GRO | 000040606 | 02/02/2023 | 04/09/2019 | 04/09/2019 | 1187.50 | Book - Borrowing | ||||
| Dewey Decimal Classification | ايمك | Central Library | Central Library | First floor | 22/12/2016 | Purchase | 950.00 | 3397 | 5 | 13 | 615.854 GRO | 000040608 | 15/07/2025 | 25/01/2023 | 1187.50 | Book - Borrowing |